| 000 | 01094nam a22003497a 4500 | ||
|---|---|---|---|
| 003 | CHAP | ||
| 005 | 20220329133922.0 | ||
| 008 | 971013s1927 us a r 00010 eng d | ||
| 010 | _a12688 | ||
| 011 | _a13660 | ||
| 035 | _a17732 | ||
| 040 | _cCHAP | ||
| 082 | 0 | 4 |
_a631.522 _bH39B |
| 100 | 0 | 0 |
_aHayes, Herbert Kendall. _953185 |
| 245 | 1 | _aBreeding crop plants | |
| 250 | _a2 ed. | ||
| 260 |
_aNew York : _bMcGraw-Hill, _c1927 |
||
| 300 |
_a438 p. _b: ilus. |
||
| 590 |
_aBATCH-UPD _b10 _c20130110 _lUCH01 _h0221 |
||
| 590 |
_aBATCH-UPD _b10 _c20130110 _lUCH01 _h1816 |
||
| 590 |
_aBATCH-UPD _b10 _c20130410 _lUCH01 _h1150 |
||
| 590 |
_aBATCH-UPD _b10 _c20130914 _lUCH01 _h1534 |
||
| 590 |
_aCONVERSION _b10 _c20130109 _lUCH01 _h1308 |
||
| 650 | 1 | 4 |
_aGenética. _947469 |
| 650 | 1 | 4 |
_aPlantas _xMejoramiento. _988849 |
| 700 | 0 |
_aGarber, R. J. _945645 |
|
| 901 | _aBK | ||
| 942 | _cLIBRO | ||
| 949 |
_a631.522 H39B _bBC _cBPP _d-41625 _eBPP _h21690 _i17732 _si |
||
| 949 |
_a631.522 H39B _bBC _cBPP _d-41626 _eBPP _fc.2 _h21691 _i17732 _si |
||
| 949 |
_a631.522 H39B _bBC _cBPP _d-41627 _eBPP _fc.3 _h21692 _i17732 _si |
||
| 999 |
_c12688 _d12688 |
||